| 000 | 00576nam a22002057a 4500 | ||
|---|---|---|---|
| 005 | 20170124110208.0 | ||
| 010 | _aA-800441 | ||
| 020 | _c90.00 | ||
| 035 | _aA-800441 | ||
| 037 | _bCen Lib/Ret | ||
| 040 |
_aDPL _bEN |
||
| 082 |
_a181.41 _bSHU |
||
| 100 |
_aShukla, Dinesh Chandra _937718 |
||
| 245 |
_aSpiritual heritage of Rajasthan / _cby Dinesh Chandra Shukla |
||
| 260 |
_aJodhpur _bBooks Treasure _c1995 |
||
| 300 |
_a88p. _c21cm(Hb) |
||
| 650 |
_aRajasthan -- Religion _972204 |
||
| 650 |
_aHindu saints _925421 |
||
| 942 |
_2ddc _cEN _h181.41 _mSHU |
||
| 999 |
_c133360 _d133360 |
||